MDQL
is popping MORE tags! Check the
thread
!
Quizzes
Events
Quiz Creation
Community
Videos
Private Events
Remove Ads
Sign In
Join for FREE
Feedback
Dark Mode
Quiz Categories
Sports
Geography
Music
Movies
Television
Just For Fun
Miscellaneous
History
Literature
Language
Science
Gaming
Entertainment
Religion
Holiday
For Kids
Quiz Lab
Recent
Popular Today
Quiz Kudos Today
Editor Picks
Curator Picks
Quizzes by...
Day
Popularity
Type
Ratings
Length
Year
Community
Subscriptions
Recent Discussions
Orange Saloon
Badges
Playlists
Quests
Create
Leaderboards
Showdown
Live 5
Trivia Bingo
Activity
Puzzle Library
Sporcle Events
Private Events
Virtual Trivia
Globe League
Become a Host
Pub Owners
SporcleCon
Opinionation
Our Games
Videos
Blog
Mobile Apps
Partnerships
Remove Ads and Go Orange
Feedback
Movies
Disney
Marvel Cinematic Universe
Movie Resume
Movie Titles
Oscar
Actor
Actress
Director
Pixar
Role
Movie Quotes
Movie Characters
Box Office
Nominee
Best Picture
Star Wars
James Bond
Horror Movies
Movies
Disney
Marvel Cinematic Universe
Movie Resume
Movie Titles
Oscar
Actor
Actress
Director
Pixar
Role
Movie Quotes
Movie Characters
Box Office
Nominee
Best Picture
Star Wars
James Bond
Horror Movies
Random Quiz
Search Sporcle
×
Quiz Lab
Quiz Lab
Movies
Box Office
Type in answers that appear in a list
Type in answers that appear in a list
Classic
Best Score? Go Orange.
Box Office Top 10 - The 1990s Stats
Can you name the top 10 highest-grossing films in each year of the 1990s?
By
Alstair
15m
100 Questions
764 Plays
764 Plays
764 Plays
Comments
Comments
Give Quiz Kudos
Give Quiz Kudos
-
- Ratings
hide this ad
Replay
Link that replays current quiz
Next Quiz
Link to next quiz in quiz playlist
You Got
0%
They Got
Avg Score
63%
Avg Friend Score
Upgrade to see
Score Distribution
Jump to the score distribution portion of the page
Score
0/100
Timer
15:00
0
Plays Today
Year
Film
% Correct
1997
Titanic
92%
1993
Jurassic Park
91.1%
1994
The Lion King
90.8%
1994
Forrest Gump
90.7%
1992
Aladdin
89%
1995
Toy Story
89%
1991
Terminator 2: Judgment Day
88.6%
1996
Independence Day
86%
1990
Home Alone
84.8%
1997
The Lost World: Jurassic Park
84.4%
1991
The Silence of the Lambs
83.9%
1990
Ghost
83.5%
1998
Saving Private Ryan
83.4%
1991
Beauty and the Beast
83.2%
1990
Pretty Woman
83.1%
1999
Toy Story 2
82.1%
1999
The Sixth Sense
80.6%
1990
Dances With Wolves
80.5%
1998
Armageddon
80.2%
1996
Mission: Impossible
79.8%
1990
Die Hard 2
79.7%
1999
Star Wars Episode I: The Phantom Menace
79.7%
1992
Home Alone 2: Lost In New York
78.3%
1999
The Matrix
78%
1995
Die Hard With a Vengeance
77.5%
1995
Pocahontas
77.1%
1993
Mrs Doubtfire
76.4%
1997
Men In Black
75.1%
1992
Lethal Weapon 3
74.9%
1994
The Mask
74.1%
1993
Schindler's List
73.8%
1992
Batman Returns
73.6%
1995
Batman Forever
70.8%
1993
The Fugitive
70.7%
Year
Film
% Correct
1998
A Bug's Life
70.3%
1996
The Rock
69.8%
1997
Air Force One
68.3%
1994
True Lies
68.1%
1996
Jerry Maguire
67.9%
1998
Lethal Weapon 4
67.7%
1995
GoldenEye
67.3%
1995
Apollo 13
66.9%
1997
Liar Liar
66.8%
1998
Mulan
66.6%
1990
Total Recall
65.7%
1994
Speed
65.4%
1999
Tarzan
65.2%
1993
The Firm
65.1%
1994
Dumb and Dumber
64.3%
1991
Hook
63.5%
1997
Tomorrow Never Dies
63.4%
1996
Twister
62.6%
1992
A Few Good Men
62.4%
1993
Sleepless In Seattle
61.9%
1999
The World Is Not Enough
61.8%
1993
Philadelphia
61.6%
1995
Se7en
61.6%
1998
Deep Impact
59.9%
1998
There's Something About Mary
59.8%
1991
Robin Hood: Prince of Thieves
59.6%
1990
Kindergarten Cop
59%
1992
The Bodyguard
57.2%
1999
Austin Powers: The Spy Who Shagged Me
57.1%
1996
The Hunchback of Notre Dame
56.8%
1997
As Good As It Gets
56.5%
1998
Shakespeare In Love
56.2%
1992
Wayne's World
55.5%
1999
American Beauty
54.7%
Year
Film
% Correct
1991
JFK
54.2%
1990
Back To the Future III
53.9%
1992
Basic Instinct
53.8%
1997
My Best Friend's Wedding
52.2%
1995
Jumanji
51.3%
1998
Godzilla
51.3%
1994
Clear and Present Danger
50.9%
1995
Waterworld
50.4%
1993
Cliffhanger
50.1%
1993
The Pelican Brief
50%
1992
Sister Act
49.6%
1991
City Slickers
48%
1990
Teenage Mutant Ninja Turtles
47.4%
1996
Ransom
47.3%
1999
The Mummy
46.1%
1994
Four Weddings and a Funeral
45.8%
1999
Notting Hill
45.8%
1996
Eraser
44.6%
1995
Casper
44%
1991
The Addams Family
41.2%
1994
The Flintstones
41.1%
1990
Presumed Innocent
39.8%
1996
The Nutty Professor
39.8%
1994
Interview With the Vampire
39.7%
1991
Cape Fear
38.1%
1993
Indecent Proposal
38%
1997
The Fifth Element
36.4%
1996
101 Dalmatians
35.7%
1991
Hot Shots!
33.9%
1992
Bram Stoker's Dracula
33.9%
1997
The Full Monty
28.3%
1998
Dr Dolittle
27.2%
Quiz Playlist
Details
Report
Send in Message
Add To Playlist
Classic:
Type in answers that appear in a list
Quiz Source
Last Updated: Sep 24, 2017
Quiz Scoreboard
CHALLENGE
Sign Up to Join the Scoreboard
Show All
Scores
Hide
Comments
May contain spoilers
Recently Published
Holiday 10x10 Sorting Gallery
by lukepisani3
Holiday
15m
Two Season TV Shows II
by 123Four
Television
10m
Image Sorting: Flags VI
by Barbecue
Geography
2m
More to Explore
Quiz From the Vault
Featured Blog Post
14 Easter Pick-up Lines to Find Eggs With
hide this ad
You Might Also Like...
Tags
Box Office Quiz
1990
Box
office
Today's Top Quizzes in Movies
Browse Movies
hide this ad
Today's Top Quizzes in Box Office
Browse Box Office
Top Contributed Quizzes in Movies
1
The ultimate James Bond movie quiz
2
Find The 'Big' Movie
3
Find The 'Wild' Movie
4
Find The 'Blue' Movie
5
Movies By Plot
6
Hidden Star Wars Character II
7
25 Best Actor Nominees (1990s)
8
Hidden Star Wars Character III
9
😉 2024 Oscar Nominees by Emoji
10
Hidden Star Wars Character IV
Explore More
Trending Topics
Kpop
NBA
Disney
Marvel
Harry Potter
Crossword
Anime
Song
WWE
The Office
Puzzle
Country
Pokémon
NFL
Soccer
hide this ad
More By:
Alstair
Quiz
Plays
Rating
Category
Featured
Created
A Decade of iTunes
47,372
4.54
Music
Apr 27, 2013
Britain's Biggest Singles of the 2000s
23,484
4.68
Music
Oct 22, 2012
A Decade of iTunes (Albums)
8,807
4.18
Music
Apr 29, 2013
Top 100 Greatest Hair Metal Songs
8,091
4.56
Music
Apr 8, 2012
Billboard's Top 100 Albums of 1984
6,733
4.77
Music
Jan 30, 2012
Go to Creator's Profile
Score Distribution
Quiz Creator Spotlight
Alstair
Follow
Send a Message
Quizzes Created
-
Created Quiz Play Count
-
More By This Creator
Popular Quizzes Today
1
Find the US States - No Outlines Minefield
2
Colored Red Africa Blitz
3
Find the 'City' Movie
4
The Countries of the World
5
Find the US States
6
5x2 Blitz: Bands
7
Find the Countries of Europe - No Outlines Minefield
8
US States
More Movies Quizzes
What Movie? Actors' Last Lines
Published
Trending Quizzes
Colored Red Europe Blitz I
Colored Red Europe Blitz II
Colored Red Africa Blitz II
Colored Red Europe Blitz III
Colored Red Africa Blitz III
Recently Updated
Odd Team Out - Big 4 Players
pecheneg
Quick Pick: 20 Twenties
pecheneg
March Madness Men's Triple Doubles
pecheneg
How Do You Spell That?
pecheneg
Godzilla Movies
pecheneg
Grab Bag: 4-10 Letters
pecheneg
2024 March Madness Bracket
pecheneg
Famous TV Couples
Peacemaker
Champions League XIs: Real Madrid
pecheneg
Largest US Cities 1790-2010
pecheneg
Trending Topics
Kpop
Harry Potter
Marvel
Anime
Disney
NBA
Crossword
Song
WWE
Country
NFL
The Office
Puzzle
Pokémon
Soccer
Your Account Isn't Verified!
In order to create a playlist on Sporcle, you need to verify the email address you used during registration. Go to your
Sporcle Settings
to finish the process.
Report this User
Report this user for behavior that violates our
Community Guidelines
.
Details:
Send Report
Go to the Sporcle.com Mobile Site →
Comments